text Book on The Bharatiya Nagarik Suraksha Sanhita, 2023 (Record no. 20778)
[ view plain ]
| 000 -LEADER | |
|---|---|
| fixed length control field | 00343nam a22001217a 4500 |
| 008 - FIXED-LENGTH DATA ELEMENTS--GENERAL INFORMATION | |
| fixed length control field | 240805b |||||||| |||| 00| 0 eng d |
| 020 ## - INTERNATIONAL STANDARD BOOK NUMBER | |
| ISBN | 9788119415380 |
| 100 ## - MAIN ENTRY--AUTHOR NAME | |
| Personal name | Swamyraj, K. |
| 245 ## - TITLE STATEMENT | |
| Title | text Book on The Bharatiya Nagarik Suraksha Sanhita, 2023 |
| 260 ## - PUBLICATION, DISTRIBUTION, ETC. (IMPRINT) | |
| Place of publication | Prayagraj |
| Name of publisher | Central Law Publications |
| Year of publication | 2024 |
| 300 ## - PHYSICAL DESCRIPTION | |
| Number of Pages | 458 |
| 942 ## - ADDED ENTRY ELEMENTS (KOHA) | |
| Source of classification or shelving scheme | Dewey Decimal Classification |
| Koha item type | Books |
| Accession Number | Bill Date | Source of acquisition | Price effective from | Koha item type | Withdrawn / writtenoff status | Damaged status | Not for loan | Permanent Location | Current Location | Shelving location | Date acquired | Lost/ Missing status | department |
|---|---|---|---|---|---|---|---|---|---|---|---|---|---|
| LLB 1354 | 30-7-2024 | ABD, Jammu | 08/05/2024 | Books | Not For Loan | MIET Library, Jammu | MIET Library, Jammu | 202/2 | 08/02/2024 | BBA LLB | |||
| LLB 1355 | 30-7-2024 | ABD, Jammu | 08/05/2024 | Books | MIET Library, Jammu | MIET Library, Jammu | 177/1 | 08/02/2024 | BBA LLB | ||||
| LLB 1356 | 30-7-2024 | ABD, Jammu | 08/05/2024 | Books | MIET Library, Jammu | MIET Library, Jammu | 177/1 | 08/02/2024 | BBA LLB | ||||
| LLB 1357 | 30-7-2024 | ABD, Jammu | 08/05/2024 | Books | MIET Library, Jammu | MIET Library, Jammu | 177/1 | 08/02/2024 | BBA LLB | ||||
| LLB 1358 | 30-7-2024 | ABD, Jammu | 08/05/2024 | Books | MIET Library, Jammu | MIET Library, Jammu | 177/1 | 08/02/2024 | BBA LLB |